<?xml version="1.0" encoding="UTF-8"?>
<record
    xmlns:xsi="http://www.w3.org/2001/XMLSchema-instance"
    xsi:schemaLocation="http://www.loc.gov/MARC21/slim http://www.loc.gov/standards/marcxml/schema/MARC21slim.xsd"
    xmlns="http://www.loc.gov/MARC21/slim">

  <leader>01929cam a2200409 a 4500</leader>
  <controlfield tag="001">25401</controlfield>
  <controlfield tag="003">BD-RjUL</controlfield>
  <controlfield tag="005">20211209050856.0</controlfield>
  <controlfield tag="008">140318s1905    enka     b    001 0 eng</controlfield>
  <datafield tag="020" ind1=" " ind2=" ">
    <subfield code="a">9781904356196 (v. 5, pt. 2)</subfield>
  </datafield>
  <datafield tag="035" ind1=" " ind2=" ">
    <subfield code="a">(BD-RjUL)25471</subfield>
  </datafield>
  <datafield tag="040" ind1=" " ind2=" ">
    <subfield code="a">DLC</subfield>
    <subfield code="c">DLC</subfield>
    <subfield code="d">DLC</subfield>
    <subfield code="d">BD-RjUL</subfield>
    <subfield code="b">eng</subfield>
  </datafield>
  <datafield tag="041" ind1=" " ind2=" ">
    <subfield code="a">eng</subfield>
  </datafield>
  <datafield tag="082" ind1="0" ind2="0">
    <subfield code="a">942.25</subfield>
    <subfield code="2">19</subfield>
    <subfield code="b">VIC V-9 1937</subfield>
  </datafield>
  <datafield tag="245" ind1="0" ind2="4">
    <subfield code="a">The Victoria history of the county of Sussex /</subfield>
    <subfield code="c">edited by William Page.</subfield>
    <subfield code="n">Volume Nine</subfield>
    <subfield code="p">The rape of Hastings</subfield>
  </datafield>
  <datafield tag="246" ind1="1" ind2=" ">
    <subfield code="a">History of the county of Sussex</subfield>
  </datafield>
  <datafield tag="260" ind1=" " ind2=" ">
    <subfield code="a">London :</subfield>
    <subfield code="b">A. Constable,</subfield>
    <subfield code="c">1937.</subfield>
  </datafield>
  <datafield tag="300" ind1=" " ind2=" ">
    <subfield code="a">xv,279 p. :</subfield>
    <subfield code="b">ill. ;</subfield>
    <subfield code="c">32 cm.</subfield>
  </datafield>
  <datafield tag="500" ind1=" " ind2=" ">
    <subfield code="a">Vol. 3, &lt;4, 7, 9   &gt; edited by: L.F. Salzman; v. 5, pt. 1, 6 edited by: T.P. Hudson.</subfield>
  </datafield>
  <datafield tag="500" ind1=" " ind2=" ">
    <subfield code="a">Vol. 3, &lt;4, 7, 9   &gt; have imprint: London, Published for the University of London Institute of Historical Research by the Oxford University Press; v. 5, pt, 1, 6 have imprint: Published for the Institute of Historical Research by Oxford University Press.</subfield>
  </datafield>
  <datafield tag="500" ind1=" " ind2=" ">
    <subfield code="a">"Translation of the Sussex Domesday": v. 1, p. 387-451.</subfield>
  </datafield>
  <datafield tag="500" ind1=" " ind2=" ">
    <subfield code="a">A history of the county of Sussex : index to volumes 1-4, 7, and 9 (144 p.) edited by Susan M. Keeling and C.P. Lewis, issued 1984.</subfield>
  </datafield>
  <datafield tag="500" ind1=" " ind2=" ">
    <subfield code="a">Vol. 5, pt. 1, pt. 2 [and] 6, pt. 3 have title: A history of the county of Sussex.</subfield>
  </datafield>
  <datafield tag="504" ind1=" " ind2=" ">
    <subfield code="a">Includes bibliographical references and index.</subfield>
  </datafield>
  <datafield tag="650" ind1=" " ind2="0">
    <subfield code="a">Natural history</subfield>
    <subfield code="z">England</subfield>
    <subfield code="z">Sussex.</subfield>
    <subfield code="9">78103</subfield>
  </datafield>
  <datafield tag="651" ind1=" " ind2="0">
    <subfield code="a">Sussex (England)</subfield>
    <subfield code="x">History.</subfield>
    <subfield code="9">78104</subfield>
  </datafield>
  <datafield tag="651" ind1=" " ind2="0">
    <subfield code="a">Sussex (England)</subfield>
    <subfield code="x">Antiquities.</subfield>
    <subfield code="9">78105</subfield>
  </datafield>
  <datafield tag="651" ind1=" " ind2="0">
    <subfield code="a">England</subfield>
    <subfield code="x">Antiquities.</subfield>
    <subfield code="9">78106</subfield>
  </datafield>
  <datafield tag="700" ind1="1" ind2=" ">
    <subfield code="a">Page, William,</subfield>
    <subfield code="d">1861-1934.</subfield>
    <subfield code="9">78107</subfield>
  </datafield>
  <datafield tag="700" ind1="1" ind2=" ">
    <subfield code="a">Salzman, L. F.</subfield>
    <subfield code="q">(Louis Francis),</subfield>
    <subfield code="d">1878-</subfield>
    <subfield code="9">78108</subfield>
  </datafield>
  <datafield tag="700" ind1="1" ind2=" ">
    <subfield code="a">Hudson, T. P.</subfield>
    <subfield code="9">78109</subfield>
  </datafield>
  <datafield tag="740" ind1="0" ind2=" ">
    <subfield code="a">History of the county of Sussex.</subfield>
  </datafield>
  <datafield tag="942" ind1=" " ind2=" ">
    <subfield code="2">ddc</subfield>
    <subfield code="c">BK</subfield>
  </datafield>
  <datafield tag="999" ind1=" " ind2=" ">
    <subfield code="c">25401</subfield>
    <subfield code="d">25401</subfield>
  </datafield>
  <datafield tag="952" ind1=" " ind2=" ">
    <subfield code="0">0</subfield>
    <subfield code="1">0</subfield>
    <subfield code="2">ddc</subfield>
    <subfield code="4">0</subfield>
    <subfield code="7">2</subfield>
    <subfield code="8">NFIC</subfield>
    <subfield code="a">RUCL</subfield>
    <subfield code="b">RUCL</subfield>
    <subfield code="c">Reading</subfield>
    <subfield code="d">1955-08-23</subfield>
    <subfield code="e">O.U.P</subfield>
    <subfield code="g">31.80</subfield>
    <subfield code="l">0</subfield>
    <subfield code="o">942.25 VIC V-9 1937</subfield>
    <subfield code="r">2014-03-18 00:00:00</subfield>
    <subfield code="t">C-1</subfield>
    <subfield code="w">2021-12-09</subfield>
    <subfield code="y">BK</subfield>
  </datafield>
</record>
